000 00407nam a2200121Ia 4500
008 220620s9999||||xx |||||||||||||| ||und||
100 _aBuckingham, David||Pini, Maria||Willett, Rebekah
245 0 _aHome Truths?
_bVideo Production and Domestic Life
546 _aEnglish[eng]
650 _aAmatuer video
856 _uhttps://library.oapen.org/bitstream/20.500.12657/51245/1/9780472900312.pdf
942 _cEB
999 _c34961
_d34961